00640nam a22001697a 450000500170000000800410001704100130005808200130007110000130008424500400009726000860013730000330022365000250025694200240028199900150030595201500032020240604075924.0240604b |||||||| |||| 00| 0 eng d aEnglish  a349 LAW  lEnglish  aThe Law Reports: Chancery Division  aLondon:bThe Incorporated Council of Law Reporting for England and Wales, c1940  bxxiii, 1021 pages; c25 cm.  aLegal practice bLaw cBK6ALISON_BN_VRIES c1837d1837 00102ddc406349_000000000000000_LAW708ALLENG93853aLSNbLSNcCDd2024-06-04l0o349 LAW pLSN/2023/1992r2025-04-07 00:00:00w2024-06-04yBK